ESPN's Top 150 College Football Teams of All Time - Statistics

General Stats
  • This quiz has been taken 1,314 times
  • The average score is 28 of 44
Answer Stats
Answer % Correct
Alabama
98%
Florida
92%
Michigan
92%
Ohio State
92%
Texas
92%
USC
91%
Georgia
90%
LSU
90%
Florida State
89%
Miami
89%
Clemson
88%
Oklahoma
88%
Nebraska
84%
Notre Dame
82%
Auburn
81%
Penn State
80%
UCLA
80%
Tennessee
78%
Michigan State
77%
Washington
75%
Texas A&M
72%
Yale
72%
Mississippi
66%
Colorado
65%
Georgia Tech
62%
Army
60%
Pittsburgh
60%
Arkansas
59%
Minnesota
59%
BYU
58%
California
57%
TCU
56%
Stanford
54%
Princeton
53%
Syracuse
51%
Arizona State
49%
Maryland
45%
Boise State
44%
SMU
36%
Chicago
15%
North Dakota State
15%
Grambling
5%
Mount Union
3%
San Francisco
3%
No matching quizzes found
Score Distribution
Percent of People with Each Score
Percentile by Number Answered
Your Score History
You have not taken this quiz